000 00573nam a2200181 i 4500
001 129451
003 ES-MaACL
005 20230906193513.0
007 t|
008 070614s1959 sp ||||1| spa d
100 1 _aTeste, Louis.
_9109836
245 1 0 _aViaje por España
_b: (1872) /
_cLuis Teste ; traducido por Sara de Struuck ; prólogo de Felipe Maldonado.
260 _aValencia :
_bCastalia,
_c1959.
300 _a266 p. :
_bil. ;
_c24 cm.
700 1 _aStruuck, Sara de.
_9108471
700 1 _aMaldonado, Felipe.
_975708
852 _aES-MaACL
_jC-12995
_bR.44309
999 _c129451
_d129451